000 00332nam a2200133Ia 4500
008 231129s1994||||xx |||||||||||||| ||spa||
040 _bspa
082 _a341.481 V152d
100 _aValencia Villa Alejandro
245 0 _aDerecho humanitario para Colombia
260 _c1994
264 _aDefensoria del Pueblo
942 _2ddc
_cBKS
999 _c8980
_d8980